• 首页
  • 本馆介绍
  • 公告通知
  • 最新文献
  • 馆藏检索
  • 电子资源
  • 读者导购
  • 参考咨询
  • 我的图书馆
  • 登录
  • 详细信息显示
  • 放入我的书架
  • 预约/预借图书
  • 作者相关作品
  • 分类相关作品
  • 丛书相关作品
  • 出版社相关作品

书目信息

  • 表格格式
  • 工作单格式
  • 卡片格式
题名:
反渎职侵权实践与创新
    
 
作者: ;最高检察院 , 法制日报社 编
分册:  
出版信息: 北京   中国检察出版社  2015
页数: 382页
开本: 23cm
丛书名:
单 册:
中图分类: D924.393.4 , D924.344
科图分类:
主题词: 渎职罪--du zhi zui--研究--中国 , 侵权行为--qin quan hang wei--刑事犯罪--研究--中国
电子资源:
ISBN: 978-7-5102-1478-3
000 01065nam0 22002771 450
001 1752558094
005 20170602161248.0
010    @a978-7-5102-1478-3@dCNY80.00
100    @a20160229d2015 em y0chiy50 ea
101 0  @achi
102    @aCN@b110000
105    @ay z 000yy
106    @ar
200 1  @a反渎职侵权实践与创新@Afan du zhi qin quan shi jian yu chuang xin@f最高人民检察院渎职侵权检察厅,法制日报社编
210    @a北京@c中国检察出版社@d2015
215    @a382页@d23cm
306    @a内部发行
330    @a本书分为理论探讨、工作研究、侦查实务、经验介绍四部分,收录了《浅谈反渎工作科学发展之路》、《关于反渎职侵权工作向基层下沉的一点思考》、《创新机制推进反渎职侵权工作深入开展》等文章。
606 0  @a渎职罪@Adu zhi zui@x研究@y中国
606 0  @a侵权行为@Aqin quan hang wei@x刑事犯罪@x研究@y中国
690    @aD924.393.4@v5
690    @aD924.344@v5
711 02 @a最高检察院@Azui gao jian cha yuan@b渎职侵权检察厅@4编
711 02 @a法制日报社@Afa zhi ri bao she@4编
801  0 @aCN@bTANG WEI@c20170531
905    @b0971468-72@dD924.393.4@e743@f5
    
    反渎职侵权实践与创新/最高人民检察院渎职侵权检察厅,法制日报社编.-北京:中国检察出版社,2015
    382页;23cm
    
    
    ISBN 978-7-5102-1478-3:CNY80.00
    本书分为理论探讨、工作研究、侦查实务、经验介绍四部分,收录了《浅谈反渎工作科学发展之路》、《关于反渎职侵权工作向基层下沉的一点思考》、《创新机制推进反渎职侵权工作深入开展》等文章。
●
相关链接 在E读中查询图书 在五车中查询图书 在当当中查询图书 在豆瓣中查询图书


正题名:反渎职侵权实践与创新     索取号:D924.393.4/743         预约/预借

序号 登录号 条形码 馆藏地/架位号 状态 备注
1 0971468   209714683   第一样本阅览室/ [索取号:D924.393.4/743] 在馆    
2 0971469   209714692   第一借阅区/ [索取号:D924.393.4/743] 在馆    
3 0971470   209714709   第一借阅区/ [索取号:D924.393.4/743] 在馆    
4 0971471   209714718   第一借阅区/ [索取号:D924.393.4/743] 在馆    
5 0971472   209714727   密集书库-史法系/ [索取号:D924.393.4/743] 在馆    
唐山师范学院图书馆 欢迎您!
大连网信软件有限公司© 版权所有